[Event "Asuncion Roggio Cup-C 3rd"]
[Site "Asuncion"]
[Date "2010.05.28"]
[Round "8"]
[White "Moreno, Micaela"]
[Black "Battaglia, Jose"]
[Result "0-1"]
[WhiteElo "1511"]
[BlackElo "1806"]
[PlyCount "54"]
[EventDate "2010.05.20"]
[EventType "swiss"]
[EventRounds "9"]
[EventCountry "PAR"]
[SourceTitle "CBM 136 Extra"]
[Source "ChessBase"]
[SourceDate "2010.07.02"]
[SourceVersion "2"]
[SourceVersionDate "2010.07.15"]
[SourceQuality "1"]

1. e4 c5 2. Nf3 Nc6 3. d4 cxd4 4. Nxd4 d6 5. Nc3 g6 6. Be3 Bg7 7. f3 Nf6 8. Qd2 Nxd4 9. Bxd4 a6 10. g4 b5 11. Bd3 Bb7 12. Be3 h5 13. Rg1 hxg4 14. fxg4 Nd7 15. 0-0-0 Rc8 16. Nb1 Ne5 17. Rdf1 b4 18. Qe2 Qa5 19. Nd2 Qxa2 20. Bd4 Qa1+ 21. Nb1 Rxh2 22. Qxh2 Nxd3+ 23. Kd2 Bxd4 24. Kxd3 Qxb2 25. Rg2 a5 26. Qh7 Ba6+ 27. Kd2 Rxc2+ 0-1

[Event "Asuncion Preclasificatorio Mayor"]
[Site "Asuncion"]
[Date "2010.04.23"]
[Round "5"]
[White "Moreno, Micaela"]
[Black "Penayo, Nicolas"]
[Result "0-1"]
[WhiteElo "1511"]
[BlackElo "1897"]
[PlyCount "106"]
[EventDate "2010.04.05"]
[EventType "swiss"]
[EventRounds "9"]
[EventCountry "PAR"]
[SourceTitle "EXT 2023"]
[Source "ChessBase"]
[SourceDate "2022.10.05"]
[SourceVersion "1"]
[SourceVersionDate "2022.10.05"]
[SourceQuality "1"]

1. e4 e5 2. Nf3 Nf6 3. Nc3 Bb4 4. d3 Nc6 5. Bd2 d5 6. exd5 Nxd5 7. Ne2 Bg4 8. Bxb4 Bxf3 9. Ba3 Nd4 10. c3 Nxe2 11. gxf3 Nef4 12. d4 Qf6 13. c4 Nb6 14. d5 0-0-0 15. Qc2 Qg5 16. b3 Rhe8 17. Bb2 f5 18. h4 Qh5 19. Qc3 e4 20. 0-0-0 g5 21. fxe4 Rxe4 22. Bd3 Rde8 23. hxg5 Qxg5 24. Kb1 Nxd3 25. Qxd3 h5 26. Qd2 f4 27. Rde1 Qf5 28. Ka1 Nd7 29. Rxe4 Rxe4 30. Re1 Nc5 31. Rxe4 Qxe4 32. Qd1 Nd3 33. f3 Qe1 34. Qxe1 Nxe1 35. Be5 h4 36. Bxf4 h3 37. Kb1 Nxf3 38. Kc2 h2 39. Bxh2 Nxh2 40. Kc3 Nf3 41. b4 b6 42. a4 Ne5 43. c5 Kd7 44. cxb6 cxb6 45. Kd4 Kd6 46. a5 b5 47. Ke4 Nd7 48. Kd4 Nf6 49. Kc3 Nxd5+ 50. Kb3 Ke5 51. Kb2 Nxb4 52. Kb3 Nc6 53. a6 Kd4 0-1

[Event "Asuncion Preclasificatorio Mayor"]
[Site "Asuncion"]
[Date "2010.04.13"]
[Round "1"]
[White "Moreno, Micaela"]
[Black "Vera Lopez, Ruben D"]
[Result "1/2-1/2"]
[WhiteElo "1511"]
[BlackElo "1878"]
[PlyCount "80"]
[EventDate "2010.04.05"]
[EventType "swiss"]
[EventRounds "9"]
[EventCountry "PAR"]
[SourceTitle "EXT 2023"]
[Source "ChessBase"]
[SourceDate "2022.10.05"]
[SourceVersion "1"]
[SourceVersionDate "2022.10.05"]
[SourceQuality "1"]

1. e4 e5 2. Nf3 Nc6 3. Bb5 d6 4. 0-0 Nf6 5. Re1 Be7 6. c3 0-0 7. h3 h6 8. d4 exd4 9. cxd4 Nh7 10. Nc3 Bd7 11. Be3 a6 12. Bd3 Nb4 13. Be2 Nc6 14. Bd3 Nb4 15. Be2 Nc6 16. Bd3 Ng5 17. Nxg5 Bxg5 18. a3 Bxe3 19. fxe3 Ne7 20. Qf3 Bc6 21. Qg3 Qe8 22. Rf1 Rd8 23. Rf2 b5 24. Raf1 Bb7 25. Ne2 c5 26. Nf4 Bc8 27. Nh5 Ng6 28. e5 Qe6 29. Bf5 Qe7 30. Bxg6 fxg6 31. Qxg6 dxe5 32. Nf6+ Rxf6 33. Rxf6 exd4 34. Rf7 Qxe3+ 35. Kh1 Qe5 36. R1f6 Qe1+ 37. Kh2 Qe5+ 38. Kh1 Qe1+ 39. Kh2 Qe5+ 40. Kh1 Qe1+ 1/2-1/2

[Event "Pan American-ch U12 Girls"]
[Site "Mar del Plata"]
[Date "2009.08.20"]
[Round "8"]
[White "Paspuel Rodriguez, Melissa"]
[Black "Moreno, Micaela"]
[Result "1-0"]
[WhiteElo "1656"]
[BlackElo "1554"]
[PlyCount "57"]
[EventDate "2009.08.16"]
[EventType "swiss"]
[EventRounds "9"]
[EventCountry "ARG"]
[SourceTitle "EXT 2022"]
[Source "ChessBase"]
[SourceDate "2021.10.06"]
[SourceVersion "1"]
[SourceVersionDate "2021.10.06"]
[SourceQuality "1"]

1. d4 Nf6 2. c4 g6 3. Nc3 Bg7 4. Nf3 0-0 5. e3 d6 6. Be2 Re8 7. 0-0 Nbd7 8. a3 e5 9. h3 c6 10. Rb1 a5 11. b4 axb4 12. axb4 Qc7 13. b5 Nb6 14. Bb2 Bd7 15. Qb3 Bf5 16. Ra1 Ne4 17. Rxa8 Rxa8 18. Ra1 Rxa1+ 19. Bxa1 Kh8 20. Nxe4 Bxe4 21. Ng5 Bf5 22. c5 h6 23. cxb6 Qxb6 24. Nxf7+ Kh7 25. Nxd6 exd4 26. exd4 Qc7 27. Nxf5 gxf5 28. Qd3 Qf7 29. g4 1-0

[Event "Asuncion-C 2nd"]
[Site "Asuncion"]
[Date "2009.07.07"]
[Round "9"]
[White "Saldana, Fernando Javier"]
[Black "Moreno, Micaela"]
[Result "1-0"]
[WhiteElo "1835"]
[BlackElo "1554"]
[PlyCount "37"]
[EventDate "2009.06.28"]
[EventType "swiss"]
[EventRounds "9"]
[EventCountry "PAR"]
[SourceTitle "CBM 131 Extra"]
[Source "ChessBase"]
[SourceDate "2009.09.03"]
[SourceVersion "2"]
[SourceVersionDate "2009.09.16"]
[SourceQuality "1"]

1. e4 c5 2. Nf3 Nc6 3. d4 cxd4 4. Nxd4 Nf6 5. Nc3 e6 6. Nxc6 bxc6 7. Bd3 d5 8. exd5 cxd5 9. 0-0 Bd6 10. Bg5 h6 11. Bh4 0-0 12. Qe2 Bd7 13. Rad1 Rb8 14. b3 Qc7 15. Bxf6 Bxh2+ 16. Kh1 gxf6 17. Qh5 Bf4 18. Ne2 Qe5 19. Qg4+ 1-0

[Event "Asuncion-C 2nd"]
[Site "Asuncion"]
[Date "2009.06.30"]
[Round "3"]
[White "Moreno, Micaela"]
[Black "Benitez Irazusta, Eduardo A"]
[Result "0-1"]
[WhiteElo "1554"]
[BlackElo "1471"]
[PlyCount "82"]
[EventDate "2009.06.28"]
[EventType "swiss"]
[EventRounds "9"]
[EventCountry "PAR"]
[SourceTitle "CBM 131 Extra"]
[Source "ChessBase"]
[SourceDate "2009.09.03"]
[SourceVersion "2"]
[SourceVersionDate "2009.09.16"]
[SourceQuality "1"]

1. e4 b6 2. d4 Bb7 3. Nc3 e6 4. Bd3 Bb4 5. Bd2 Ne7 6. Nf3 0-0 7. a3 Bxc3 8. Bxc3 f5 9. exf5 Nxf5 10. Qe2 Nh4 11. Be4 Nxf3+ 12. Bxf3 Bxf3 13. gxf3 Qg5 14. Qe4 Nc6 15. Qg4 Qxg4 16. fxg4 Rf4 17. 0-0-0 Rxf2 18. Rd2 Raf8 19. h3 Ne7 20. Rh2 Rf1+ 21. Rd1 Nd5 22. Bd2 R8f2 23. Rh1 Rxd1+ 24. Kxd1 b5 25. Ke1 Rg2 26. Rf1 Rh2 27. Rf3 h6 28. Kd1 Nf6 29. Bxh6 gxh6 30. Rxf6 Rxh3 31. Kd2 Kg7 32. Rf2 Rg3 33. Rf4 a5 34. Re4 c6 35. Rf4 Kg6 36. Ke2 Kg5 37. Rf7 d5 38. Re7 Rxg4 39. Rxe6 Re4+ 40. Rxe4 dxe4 41. Ke3 Kf5 0-1